000
00236nam a22000857a 4500
008
160624b xxu||||| |||| 00| 0 eng d
100
_9
1089
_a
Edwards, J
245
_a
Resolutions of a Saintly Scholar
260
_a
AM
_b
Worldwide Publications
_c
1974
999
_c
875
_d
875